000
00245nam a2200097Ia 4500
005
20251222114347.0
008
251222s1900||||xx |||||||||||||| ||spa||
082
_a
DVD0070/M19/2010/BR
245
0
_a
El árbol de la vida:The Tree of life
942
_c
DVD
999
_c
1098
_d
1098